Rozvojové strategie japonské ekonomiky /
Guardado en:
| Autores principales: | , |
|---|---|
| Formato: | Libro |
| Lenguaje: | checo |
| Publicado: |
Praha :
UVTEI,
1976
|
| Materias: | |
| Etiquetas: |
Sin Etiquetas, Sea el primero en etiquetar este registro!
|
MARC
| LEADER | 00000nam a22000003a 4500 | ||
|---|---|---|---|
| 001 | stu36765 | ||
| 005 | 20150617225727.2 | ||
| 008 | 920618s1976----cs------------------cze-d | ||
| 040 | |a STU |b slo | ||
| 041 | 0 | |a cze | |
| 044 | |a cs | ||
| 080 | |a 330.101(52) | ||
| 100 | 1 | |a Havlík, Zdeněk |4 aut | |
| 245 | 1 | |a Rozvojové strategie japonské ekonomiky / |c [aut.]Zdeněk Havlík, Jaroslav Zima | |
| 260 | |a Praha : |b UVTEI, |c 1976 | ||
| 300 | |a 114 s | ||
| 650 | 7 | |a Ekonomika japonská |2 stusub | |
| 700 | 1 | |a Zima, Jaroslav |4 aut | |
| 996 | |b 284M003370 |c M*4376-1 |l MMKN |s A |a 24 |w stu36765_0001 | ||